000 01066nam a2200241Ia 4500
001 262.24-TIL je re (1575)
003 IT-MiSPE
008 171229s9999||||xx |||||||||||||| ||und||
040 _aIT-MiSPE
_cIT-MiSPE
041 _aITALIANO
100 _aJean-Marie Roger Tillard
240 _aReligieux d'aujourd'ui
245 0 _aReligiosi
_bFedeltà e rinnovamento
250 _a1a ed. (v)
260 _aAssisi
_bCittadella
_c(st.) 1970
300 _a157 p.
_c20 cm
490 _aFedeltà e rinnovamento
501 _aEdizioni San Paolo srl - Piazza Soncino, 5 - 20092 CINISELLO BALSAMO (MI) (non commercial uses only) ® Copyright 2018
700 _aBenedettine di Rosano
_g(traduzione)
942 _cBK
957 _71
999 _a12853
_bNO
_g Copie: 1
_c344341
_d344341